00150nam a2200061Ia 4500008004100000100001400041245003300055120527s9999 xx 000 0 und d aLERY, J.M aContemporary urban Planning